000 01567nam a2200397 i 4500
001 70766
003 Mx-PuUPA
005 20240410104333.0
008 231124s2015 sp gr 00| 0bspa d
017 _aB.555-2015
020 _a9788494236488
040 _cMx-PuUPA
_aMx-PuUPA
_bspa
_dMx-PuUPA
_erda
041 1 _aspa
_hfre
100 1 _aLaloux, Éléonore,
_d1985-
_915165
_eautor
240 1 0 _aTriso et alors!
_lEspañol
245 1 0 _aTengo síndrome de Down :
_b... ¿y qué? /
_cÉleonore Laloux ; con la colaboración de Yann Barte ; posfacio, Enric Berenguer ; traducción, Alfonso Díez
250 _aPrimera edición /
_bfebrero
264 1 _aBarcelona, España :
_bNuevos Emprendimientos Editoriales,
_c2015
300 _a142 páginas ;
_c21 cm
336 _2rdacontent
_atexto
_btxt
337 _2rdamedia
_asin medio
_bn
338 _2rdacarrier
_avolumen
_bnc
490 0 _aColección La Palabra extrema
600 0 4 _aLaloux, Éléonore
_xAutobiografía
650 7 _2armar
_aSíndrome de Down
_xPacientes
_vBiografía
650 7 _2armar
_aSíndrome de Down
_xPsiquiatría
700 1 _aBarte, Yann,
_ecolaborador
700 1 _aBerenguer, Enric,
_eeditor
700 1 _aDíez, Alfonso,
_etraductor
765 0 8 _aLaloux, Éléonore, 1985-
_b1ère éditon
_dFrance : Max Milo éditions, 2014
_tTriso et alors!
942 _2ddc
_cLI
_h616.8914092
_iL193
999 _c70766
_d70766